Normal view MARC view
  • Multiple intelligences

Entry Topical Term

Number of records used in: 1

001 - CONTROL NUMBER

  • control field: 1151

003 - CONTROL NUMBER IDENTIFIER

  • control field: OSt

005 - DATE AND TIME OF LATEST TRANSACTION

  • control field: 20170504101700.0

008 - FIXED-LENGTH DATA ELEMENTS

  • fixed length control field: 170504|| aca||aabn | a|a d

040 ## - CATALOGING SOURCE

  • Original cataloging agency: OSt
  • Transcribing agency: OSt

150 ## - HEADING--TOPICAL TERM

  • Topical term or geographic name entry element: Multiple intelligences

670 ## - SOURCE DATA FOUND

  • Source citation: Work cat.: (OSt)0: Gardner, Howard 1150, Five minds for the future /, c2008
Pusat Sumber Maklumat Dato' Haji Sarmin Md Hussin, Akademi Kastam Diraja Malaysia, Melaka
Tel: 06-2331106 | Faks: 06-2313787